000 00463nam a2200193Ia 4500
005 20250423100014.0
008 250422s9999 xx 000 0 und d
020 _a0130653098 |a 0130653527 (Cd-Rom)
050 _aQH 308.2 .AUD/
100 _aAudesirk, Teresa
245 0 _aLife on earth
250 _a3rd ed.
260 _aUpper Saddle River
260 _bPrentice Hall
260 _cc2003
300 _a635 p
650 _aBiology.
942 _cBK
999 _c32000
_d32000